[Event "BL 1920 OSG Baden-Baden - BCA Augsburg"]
[Site "?"]
[Date "2021.10.15"]
[Round "11.7"]
[White "Pitl, Gregory"]
[Black "Gozzoli, Yannick"]
[Result "1/2-1/2"]
[WhiteElo "2377"]
[BlackElo "2602"]
[PlyCount "44"]
[EventDate "2021.??.??"]

1. e4 c5 2. Nf3 Nc6 3. Bb5 d6 4. O-O Bd7 5. Re1 Nf6 6. c3 a6 7. Bf1 Bg4 8. h3
Bxf3 9. Qxf3 g6 10. Na3 Bg7 11. Nc2 Nd7 12. a4 O-O 13. Qd1 Rc8 14. d4 cxd4 15.
Nxd4 Na5 16. Nb3 Ne5 17. Nxa5 Qxa5 18. Qb3 Qc7 19. a5 Nc6 20. Qa4 Ne5 21. Qb3
Nc6 22. Qa4 Ne5 1/2-1/2

[Event "BL 1920 OSG Baden-Baden - BCA Augsburg"]
[Site "?"]
[Date "2021.10.15"]
[Round "11.8"]
[White "Milov, Vadim"]
[Black "Rupprecht, Andreas"]
[Result "1-0"]
[WhiteElo "2607"]
[BlackElo "2390"]
[PlyCount "52"]
[EventDate "2021.??.??"]

1. d4 f5 2. Nf3 Nf6 3. c4 g6 4. Nc3 Bg7 5. h4 d6 6. Bf4 Nc6 7. e3 O-O 8. c5 e6
9. cxd6 cxd6 10. Qb3 Kh8 11. Qa3 Ne4 12. h5 g5 13. h6 Bxd4 14. Nxe4 gxf4 15.
Nxd6 fxe3 16. O-O-O Qf6 17. Nxd4 Nxd4 18. fxe3 Nc6 19. g4 e5 20. Bc4 Be6 21.
Bxe6 Qxe6 22. gxf5 Qf6 23. Qb3 e4 24. Rhg1 Ne5 25. Qe6 Nd3+ 26. Rxd3 exd3 1-0

[Event "BL 1920 Schachfreunde Deizisau - FC Bay"]
[Site "?"]
[Date "2021.10.15"]
[Round "11.1"]
[White "Huschenbeth, Niclas"]
[Black "Kamsky, Gata"]
[Result "1/2-1/2"]
[WhiteElo "2608"]
[BlackElo "2662"]
[PlyCount "38"]
[EventDate "2021.??.??"]

1. e4 c6 2. d4 d5 3. e5 Bf5 4. c4 e6 5. Nc3 dxc4 6. Bxc4 Nd7 7. Nf3 h6 8. O-O
Ne7 9. Bd3 Bxd3 10. Qxd3 Nf5 11. Bd2 Nc5 12. Qc4 b5 13. Qe2 Nxd4 14. Nxd4 Qxd4
15. Rfd1 Qd3 16. Qe1 Qf5 17. Qe2 Qd3 18. Qe1 Qf5 19. Qe2 Qd3 1/2-1/2

[Event "BL 1920 Schachfreunde Deizisau - FC Bay"]
[Site "?"]
[Date "2021.10.15"]
[Round "11.2"]
[White "Meier, Georg"]
[Black "Bogner, Sebastian"]
[Result "1/2-1/2"]
[WhiteElo "2628"]
[BlackElo "2572"]
[PlyCount "71"]
[EventDate "2021.??.??"]

1. Nf3 d5 2. g3 Nf6 3. Bg2 e6 4. O-O Be7 5. c4 O-O 6. d4 dxc4 7. Qc2 a6 8. a4
c5 9. dxc5 Bxc5 10. Qxc4 Nbd7 11. a5 b5 12. axb6 Bb7 13. Nc3 Qxb6 14. Na4 Qb5
15. Nd2 Bxg2 16. Kxg2 Bb4 17. Nc3 Qxc4 18. Nxc4 Rfc8 19. Na5 Bxc3 20. bxc3 Rxc3
21. Ra2 Rac8 22. Bd2 Rc2 23. Rfa1 e5 24. Nb3 Rxa2 25. Rxa2 Rc6 26. Na5 Rc5 27.
Nb7 Rc7 28. Nd6 Nc5 29. Rc2 Ne6 30. Ra2 Nc5 31. Ba5 Rc6 32. Rc2 Rxd6 33. Rxc5
Re6 34. Bc3 e4 35. Bxf6 gxf6 36. Ra5 1/2-1/2

[Event "BL 1920 Schachfreunde Deizisau - FC Bay"]
[Site "?"]
[Date "2021.10.15"]
[Round "11.3"]
[White "Dragnev, Valentin"]
[Black "Krasenkow, Michal"]
[Result "1/2-1/2"]
[WhiteElo "2543"]
[BlackElo "2578"]
[PlyCount "65"]
[EventDate "2021.??.??"]

1. e4 c5 2. Nf3 Nc6 3. Bb5 e6 4. O-O Nge7 5. Re1 a6 6. Bxc6 Nxc6 7. d4 cxd4 8.
Nxd4 d5 9. Nc3 Nxd4 10. Qxd4 dxe4 11. Qxe4 Be7 12. Bf4 O-O 13. Rad1 Qb6 14. h4
Qxb2 15. Na4 Qb4 16. Qxb4 Bxb4 17. Nb6 Bxe1 18. Rxe1 e5 19. Bxe5 Be6 20. Nxa8
Rxa8 21. a3 Rd8 22. Re3 Bf5 23. Rg3 g6 24. Rc3 Rd1+ 25. Kh2 Rd2 26. Kg3 Rxc2
27. Rxc2 Bxc2 28. Kf4 Kf8 29. Bf6 Ke8 30. Ke5 Kd7 31. g3 h5 32. Bg5 Kc6 33. Be7
1/2-1/2

[Event "BL 1920 Schachfreunde Deizisau - FC Bay"]
[Site "?"]
[Date "2021.10.15"]
[Round "11.4"]
[White "Bluebaum, Matthias"]
[Black "Bischoff, Klaus"]
[Result "1-0"]
[WhiteElo "2640"]
[BlackElo "2495"]
[PlyCount "89"]
[EventDate "2021.??.??"]

1. d4 Nf6 2. c4 e6 3. Nc3 Bb4 4. e3 O-O 5. Bd2 Re8 6. Bd3 d5 7. cxd5 exd5 8.
Nge2 Bf8 9. Qc2 b6 10. e4 Na6 11. a3 c5 12. e5 cxd4 13. exf6 dxc3 14. Bxh7+ Kh8
15. Bxc3 d4 16. Rd1 Qxf6 17. Bxd4 Qh4 18. Bf5 Bxf5 19. Qxf5 Kg8 20. Qf3 Qe4 21.
Qxe4 Rxe4 22. f3 Re6 23. Kf2 Nc5 24. Nf4 Rc6 25. Rhe1 Nb3 26. Be3 Rac8 27. Rd3
Na5 28. Nd5 Nc4 29. Bd4 f6 30. Ne3 Rd6 31. Red1 b5 32. Nxc4 Rxc4 33. Bc3 Rxd3
34. Rxd3 b4 35. axb4 Bxb4 36. Ke2 Bxc3 37. Rxc3 Rb4 38. Rc2 a5 39. Kd2 a4 40.
Rc8+ Kf7 41. Rc7+ Kg6 42. Kc2 f5 43. g3 Rb3 44. Rc3 Rb4 45. Ra3 1-0

[Event "BL 1920 Schachfreunde Deizisau - FC Bay"]
[Site "?"]
[Date "2021.10.15"]
[Round "11.5"]
[White "Fedorovsky, Michael"]
[Black "Lagarde, Maxime"]
[Result "0-1"]
[WhiteElo "2402"]
[BlackElo "2640"]
[PlyCount "84"]
[EventDate "2021.??.??"]

1. d4 Nf6 2. c4 c5 3. d5 g6 4. Nc3 Bg7 5. e4 d6 6. h3 O-O 7. Nf3 e6 8. Bd3 Nbd7
9. O-O e5 10. Bg5 h6 11. Be3 Nh7 12. Nh2 f5 13. f4 exf4 14. Bxf4 Ne5 15. Be2
Ng5 16. exf5 gxf5 17. Qd2 Ng6 18. Bg3 f4 19. Be1 Bf5 20. h4 Ne4 21. Nxe4 Bxe4
22. Bd3 Qe8 23. Nf3 Bxf3 24. Bxg6 Qxg6 25. Rxf3 Rae8 26. Bf2 Re4 27. Rc1 Rfe8
28. Re1 Rxe1+ 29. Bxe1 Qe4 30. Bf2 Qb1+ 31. Kh2 Qxb2 32. Qxb2 Bxb2 33. Kh3 Re4
34. Rb3 Be5 35. Rxb7 Re2 36. Bg1 Re1 37. Bh2 Rh1 38. Re7 h5 39. a4 a5 40. Re8+
Kf7 41. Re6 Kf8 42. g4 f3 0-1

[Event "BL 1920 Schachfreunde Deizisau - FC Bay"]
[Site "?"]
[Date "2021.10.15"]
[Round "11.6"]
[White "Kollars, Dmitrij"]
[Black "Lokander, Martin"]
[Result "1-0"]
[WhiteElo "2621"]
[BlackElo "2462"]
[PlyCount "99"]
[EventDate "2021.??.??"]

1. e4 c6 2. d4 d5 3. e5 c5 4. Nf3 Bg4 5. dxc5 Nc6 6. c3 e6 7. Be3 Nge7 8. Nbd2
Qc7 9. Qa4 Bxf3 10. Nxf3 Ng6 11. Bb5 Be7 12. Bxc6+ bxc6 13. O-O O-O 14. Bd4 a5
15. Qc2 Rfb8 16. Rfb1 a4 17. b4 axb3 18. axb3 Qb7 19. b4 Ra6 20. g3 Bd8 21. h4
h6 22. h5 Ne7 23. g4 Rba8 24. Qd1 Ra2 25. Rxa2 Rxa2 26. Ra1 Qa6 27. Rxa2 Qxa2
28. Qd3 Qa4 29. Be3 Bc7 30. Bf4 Kf8 31. Kg2 Qa8 32. Nd4 Qb8 33. Qa6 Kg8 34. Qe2
Kf8 35. Bg3 Ke8 36. Bh4 g5 37. hxg6 Nxg6 38. Bg3 Bxe5 39. Nxc6 Bxg3 40. Qa6 Qc7
41. fxg3 Kf8 42. Qb6 Qd7 43. b5 d4 44. Nxd4 Qd5+ 45. Kf2 Kg7 46. Qd6 Qe4 47.
Nf3 e5 48. b6 Qc2+ 49. Qd2 Qb1 50. Qe3 1-0

[Event "BL 1920 Schachfreunde Deizisau - FC Bay"]
[Site "?"]
[Date "2021.10.15"]
[Round "11.7"]
[White "Meister, Peter"]
[Black "Dautov, Rustem"]
[Result "0-1"]
[WhiteElo "2361"]
[BlackElo "2595"]
[PlyCount "60"]
[EventDate "2021.??.??"]

1. d4 Nf6 2. c4 e6 3. Nf3 b6 4. e3 Bb7 5. Bd3 d5 6. b3 Bd6 7. O-O O-O 8. Bb2
Nbd7 9. Qe2 Qe7 10. Ne5 c5 11. Nd2 cxd4 12. exd4 Ba3 13. Rab1 Bxb2 14. Rxb2
dxc4 15. bxc4 Nxe5 16. Qxe5 Qa3 17. Rb3 Qxa2 18. Qe3 Rfd8 19. Rfb1 Qa4 20. Rb5
h6 21. Nb3 Ba6 22. Ra1 Bxb5 23. Rxa4 Bxa4 24. Nc1 Bc6 25. f3 a5 26. g4 Nd7 27.
Kf2 Nf8 28. d5 exd5 29. Qxb6 dxc4 30. Bxc4 Bd5 0-1

[Event "BL 1920 Schachfreunde Deizisau - FC Bay"]
[Site "?"]
[Date "2021.10.15"]
[Round "11.8"]
[White "Kozul, Zdenko"]
[Black "Rafiee, Makan"]
[Result "1-0"]
[WhiteElo "2601"]
[BlackElo "2324"]
[PlyCount "63"]
[EventDate "2021.??.??"]

1. d4 d5 2. c4 c6 3. e3 Nf6 4. Nc3 a6 5. Nf3 Bf5 6. Bd3 Bxd3 7. Qxd3 e6 8. O-O
Bb4 9. Bd2 O-O 10. Rfd1 a5 11. b3 Nbd7 12. a3 Bxc3 13. Bxc3 Ne4 14. a4 Nxc3 15.
Qxc3 Qe7 16. Ne1 Rfc8 17. Nd3 dxc4 18. bxc4 b5 19. axb5 cxb5 20. c5 b4 21. Qb3
Nf6 22. Nb2 Nd5 23. Na4 Ra6 24. e4 Nf4 25. g3 Qg5 26. Qf3 e5 27. Nb6 Rc6 28.
dxe5 Nh3+ 29. Kg2 Rxc5 30. Qe3 Qe7 31. Rd7 Qf8 32. Qd3 1-0

[Event "BL 1920 SG Solingen - SC Viernheim"]
[Site "?"]
[Date "2021.10.15"]
[Round "12.1"]
[White "Mamedyarov, Shakhriyar"]
[Black "Ragger, Markus"]
[Result "1/2-1/2"]
[WhiteElo "2765"]
[BlackElo "2664"]
[PlyCount "65"]
[EventDate "2021.??.??"]

1. d4 Nf6 2. c4 g6 3. Nf3 Bg7 4. Nc3 d5 5. e3 O-O 6. cxd5 Nxd5 7. Bc4 Nb6 8.
Bb3 c5 9. O-O cxd4 10. exd4 Bg4 11. d5 N8d7 12. h3 Bxf3 13. Qxf3 Nc5 14. Bg5
Bxc3 15. bxc3 Nxb3 16. axb3 Qxd5 17. Qxd5 Nxd5 18. c4 Nc7 19. Bxe7 Rfc8 20. Bc5
a6 21. Bb6 Ne6 22. Rfd1 Rc6 23. Be3 Rd8 24. Rxd8+ Nxd8 25. Rd1 Ne6 26. g4 Rc8
27. Rd7 Rc7 28. Rd5 Rc8 29. Bb6 Rc6 30. Be3 Rc8 31. Rd7 Rc7 32. Rd6 Rc6 33. Rd5
1/2-1/2

[Event "BL 1920 SG Solingen - SC Viernheim"]
[Site "?"]
[Date "2021.10.15"]
[Round "12.2"]
[White "Ganguly, Surya Shekhar"]
[Black "Malakhov, Vladimir"]
[Result "1/2-1/2"]
[WhiteElo "2617"]
[BlackElo "2658"]
[PlyCount "41"]
[EventDate "2021.??.??"]

1. d4 d5 2. c4 c6 3. Nc3 Nf6 4. e3 g6 5. Nf3 Bg7 6. Be2 O-O 7. O-O a6 8. a4 a5
9. cxd5 cxd5 10. b3 Nc6 11. Ba3 Bf5 12. Ne5 Rc8 13. Nxc6 Rxc6 14. Rc1 Qc7 15.
Nb5 Qd7 16. Qd2 Ra8 17. f3 h5 18. Nc3 Bh6 19. Bb5 Qe6 20. Kf2 Rcc8 21. Ne2
1/2-1/2

[Event "BL 1920 SG Solingen - SC Viernheim"]
[Site "?"]
[Date "2021.10.15"]
[Round "12.3"]
[White "Amin, Bassem"]
[Black "Andersen, Mads"]
[Result "1-0"]
[WhiteElo "2681"]
[BlackElo "2572"]
[PlyCount "113"]
[EventDate "2021.??.??"]

1. Nf3 d5 2. g3 g6 3. Bg2 Bg7 4. O-O e5 5. d3 Nc6 6. Nc3 d4 7. Ne4 Nge7 8. c3
h6 9. cxd4 exd4 10. Qa4 Nd5 11. Bd2 a5 12. Rfc1 O-O 13. Rxc6 bxc6 14. Qxc6 Ra6
15. Qc4 Nb6 16. Qc1 Kh7 17. Bf4 Qe7 18. Qxc7 Qxc7 19. Bxc7 Nd7 20. Rc1 Bb7 21.
Nd6 Ba8 22. Nb5 Rc8 23. Nfxd4 Bxg2 24. Kxg2 Be5 25. Rc4 Bxc7 26. Nxc7 Rb6 27.
Ncb5 Rc5 28. a4 Rxc4 29. dxc4 Nc5 30. b3 Rb7 31. f3 f5 32. Kf2 Rd7 33. Ke3 Kg7
34. h3 Kf6 35. g4 fxg4 36. fxg4 Kg5 37. Nf3+ Kf6 38. Nbd4 Rb7 39. Nd2 Re7+ 40.
Kf4 g5+ 41. Kf3 Rf7 42. e4 Rb7 43. Ke3 Rb6 44. Nb5 Ke5 45. Nf3+ Ke6 46. Nbd4+
Ke7 47. e5 Nxb3 48. Ke4 Nc5+ 49. Kd5 Nxa4 50. c5 Rb1 51. Nf5+ Kd8 52. e6 Rc1
53. Kd6 Rd1+ 54. N3d4 Re1 55. c6 Nb6 56. c7+ Kc8 57. Kc6 1-0

[Event "BL 1920 SG Solingen - SC Viernheim"]
[Site "?"]
[Date "2021.10.15"]
[Round "12.4"]
[White "Predojevic, Borki"]
[Black "Kovalenko, Igor"]
[Result "1/2-1/2"]
[WhiteElo "2577"]
[BlackElo "2647"]
[PlyCount "31"]
[EventDate "2021.??.??"]

1. e4 c5 2. Nf3 e6 3. g3 Nc6 4. d4 cxd4 5. Nxd4 Qb6 6. Nb3 Nf6 7. Bg2 Qa6 8.
Nc3 Bb4 9. Bd2 Ne5 10. a4 O-O 11. Nb5 Bxd2+ 12. Qxd2 Qc6 13. Na5 Qc5 14. Nb3
Qc6 15. Na5 Qc5 16. Nb3 1/2-1/2

[Event "BL 1920 SG Solingen - SC Viernheim"]
[Site "?"]
[Date "2021.10.15"]
[Round "12.5"]
[White "Fedorchuk, Sergey A"]
[Black "Smeets, Jan"]
[Result "1/2-1/2"]
[WhiteElo "2606"]
[BlackElo "2568"]
[PlyCount "99"]
[EventDate "2021.??.??"]

1. e4 e5 2. Nf3 Nf6 3. Nxe5 d6 4. Nf3 Nxe4 5. Nc3 Nxc3 6. dxc3 Be7 7. Be3 O-O
8. Qd2 Nd7 9. O-O-O c6 10. h4 d5 11. Bd3 Nc5 12. c4 Nxd3+ 13. Qxd3 dxc4 14. Qc3
Qc7 15. Bd4 f6 16. Qxc4+ Rf7 17. Rhe1 b5 18. Qb3 c5 19. Rxe7 Qxe7 20. Bxc5 Qc7
21. Qxb5 Bb7 22. Bd6 Qb6 23. Qe2 Rd8 24. Bg3 Rxd1+ 25. Qxd1 Re7 26. b3 h6 27.
a4 Be4 28. Kb2 Re8 29. Qd7 Rd8 30. Qe7 Bxf3 31. gxf3 Qd4+ 32. Ka2 Kh8 33. Qe3
Qd1 34. Kb2 Rc8 35. Qd3 Qe1 36. Bf4 Qxf2 37. Be3 Qxh4 38. Bxa7 Qf4 39. Bb6 h5
40. a5 h4 41. a6 Ra8 42. Qd7 Qxf3 43. b4 h3 44. Bc7 Qg2 45. Qb5 h2 46. Qh5+ Kg8
47. Bxh2 Rxa6 48. Qe8+ Kh7 49. Qh5+ Kg8 50. Qe8+ 1/2-1/2

[Event "BL 1920 SG Solingen - SC Viernheim"]
[Site "?"]
[Date "2021.10.15"]
[Round "12.6"]
[White "Nikolic, Predrag"]
[Black "Maze, Sebastien"]
[Result "1/2-1/2"]
[WhiteElo "2554"]
[BlackElo "2553"]
[PlyCount "79"]
[EventDate "2021.??.??"]

1. d4 Nf6 2. c4 g6 3. Nf3 Bg7 4. g3 O-O 5. Bg2 d6 6. O-O Nc6 7. Nc3 e5 8. d5
Nb8 9. Bd2 a5 10. a3 Re8 11. e4 c6 12. b4 Na6 13. dxc6 bxc6 14. b5 Nc5 15. Be3
Ncxe4 16. Nxe4 Nxe4 17. bxc6 Qc7 18. Rc1 Ra6 19. Qd5 Nf6 20. Qb5 e4 21. Nd4 Ng4
22. c5 Nxe3 23. cxd6 Qxd6 24. fxe3 Bxd4 25. exd4 Qxd4+ 26. Kh1 e3 27. Rfd1 Qb6
28. a4 Qc7 29. Re1 Ra8 30. Rc5 Bf5 31. Kg1 Reb8 32. Qc4 Rb4 33. Qc3 Rxa4 34.
Qxe3 Be6 35. Rb5 Rc8 36. Bf3 Rc4 37. Re5 Rxc6 38. Bxc6 Qxc6 39. Rxa5 Qc3 40.
Qxc3 1/2-1/2

[Event "BL 1920 SG Solingen - SC Viernheim"]
[Site "?"]
[Date "2021.10.15"]
[Round "12.7"]
[White "Libiszewski, Fabien"]
[Black "Naumann, Alexander"]
[Result "1-0"]
[WhiteElo "2504"]
[BlackElo "2533"]
[PlyCount "67"]
[EventDate "2021.??.??"]

1. e4 c5 2. Nf3 d6 3. d4 cxd4 4. Nxd4 Nf6 5. Nc3 a6 6. Be3 e5 7. Nb3 Be7 8. h3
h6 9. Qd2 Be6 10. O-O-O Nbd7 11. Kb1 b5 12. f4 Rc8 13. g4 Bc4 14. Qg2 b4 15.
Nd5 Nxd5 16. exd5 exf4 17. Bxf4 Bxb3 18. cxb3 Nc5 19. h4 Qd7 20. Qf3 a5 21. Bh3
g5 22. Be3 a4 23. Bd4 axb3 24. axb3 f6 25. Rde1 Rf8 26. Re3 Qb7 27. Rhe1 Rf7
28. Qf5 Nd7 29. hxg5 hxg5 30. Qg6 Ne5 31. Bxe5 dxe5 32. Bf1 Bd6 33. Rh3 Ke7 34.
Qxf7+ 1-0

[Event "BL 1920 SG Solingen - SC Viernheim"]
[Site "?"]
[Date "2021.10.15"]
[Round "12.8"]
[White "Handke, Florian"]
[Black "Abergel, Thal"]
[Result "1-0"]
[WhiteElo "2540"]
[BlackElo "2392"]
[PlyCount "80"]
[EventDate "2021.??.??"]

1. e4 c5 2. Nf3 d6 3. d4 cxd4 4. Nxd4 Nf6 5. Nc3 Nc6 6. Bg5 a6 7. Qd2 Nxd4 8.
Qxd4 Qa5 9. Bd2 Qc7 10. Nd5 Nxd5 11. exd5 e5 12. dxe6 Bxe6 13. O-O-O Qc5 14.
Qxc5 dxc5 15. Bc3 f6 16. Bd3 Kf7 17. Rhe1 Bd6 18. Be4 Bf4+ 19. Bd2 Bxd2+ 20.
Rxd2 Rab8 21. Rd6 Rhd8 22. Rxd8 Rxd8 23. Bxb7 Rb8 24. Bf3 g6 25. Re3 c4 26. Be2
Rc8 27. Kd2 f5 28. Kc3 g5 29. Re5 Kf6 30. Ra5 Rc6 31. Ra4 Bd5 32. Bxc4 Bxg2 33.
Rxa6 Rxa6 34. Bxa6 h5 35. Kd4 h4 36. Bc8 h3 37. a4 g4 38. Ke3 Ke5 39. f4+ Kd6
40. Bxf5 Kd5 {Ke4+} 1-0

[Event "BL 1920 SV Mülheim Nord - Aachener SV"]
[Site "?"]
[Date "2021.10.15"]
[Round "12.1"]
[White "Seel, Christian"]
[Black "Navara, David"]
[Result "0-1"]
[WhiteElo "2482"]
[BlackElo "2691"]
[PlyCount "118"]
[EventDate "2021.??.??"]

1. Nf3 d5 2. d4 Nf6 3. c4 e6 4. g3 dxc4 5. Qa4+ Nbd7 6. Qxc4 a6 7. Bg2 b5 8.
Qc6 Ra7 9. Qc2 c5 10. Be3 Nd5 11. Bg5 Be7 12. Bxe7 Qxe7 13. dxc5 Rc7 14. c6 Nb4
15. Qd2 Nxc6 16. Nc3 O-O 17. O-O Bb7 18. Rfd1 Nf6 19. Qd6 Rfc8 20. Ng5 Qxd6 21.
Rxd6 Kf8 22. Rad1 Ke7 23. R6d2 Ne5 24. Bxb7 Rxb7 25. Nge4 Ne8 26. Nd6 Nxd6 27.
Rxd6 Ra7 28. R6d4 Nc4 29. b3 Ne5 30. Ne4 Rc2 31. R1d2 Rac7 32. Kg2 h6 33. Rxc2
Rxc2 34. Rd2 Rxd2 35. Nxd2 Kd6 36. f4 Nc6 37. Kf2 Nb4 38. a4 Nc2 39. axb5 axb5
40. e3 Kc5 41. Ne4+ Kb4 42. Nd6 f5 43. Ke2 Na3 44. e4 g6 45. h3 h5 46. exf5
exf5 47. g4 fxg4 48. hxg4 hxg4 49. Kf2 Nc2 50. f5 gxf5 51. Nxf5 Kxb3 52. Ne7
Nd4 53. Kg3 Kc4 54. Nc8 Kc5 55. Ne7 b4 56. Ng6 b3 57. Nf4 Kc4 58. Ng2 b2 59.
Ne3+ Kd3 0-1

[Event "BL 1920 SV Mülheim Nord - Aachener SV"]
[Site "?"]
[Date "2021.10.15"]
[Round "12.2"]
[White "Nguyen, Thai Dai Van"]
[Black "Koch, Thomas"]
[Result "1/2-1/2"]
[WhiteElo "2577"]
[BlackElo "2450"]
[PlyCount "41"]
[EventDate "2021.??.??"]

1. d4 Nf6 2. c4 e6 3. Nf3 Bb4+ 4. Bd2 a5 5. g3 b6 6. Bg2 Bb7 7. O-O O-O 8. Bf4
Be7 9. Nc3 d5 10. cxd5 exd5 11. Qc2 Na6 12. Rfd1 Re8 13. e3 h6 14. h4 Qd7 15.
Ne5 Qe6 16. Kh2 Bd6 17. Bh3 Qe7 18. a3 c5 19. Nd3 Rad8 20. Rac1 c4 21. Ne5
1/2-1/2

[Event "BL 1920 SV Mülheim Nord - Aachener SV"]
[Site "?"]
[Date "2021.10.15"]
[Round "12.4"]
[White "Feygin, Michael"]
[Black "Piceu, Tom"]
[Result "1-0"]
[WhiteElo "2455"]
[BlackElo "2345"]
[PlyCount "61"]
[EventDate "2021.??.??"]

1. e4 c5 2. Nf3 d6 3. d4 cxd4 4. Nxd4 Nf6 5. Nc3 a6 6. Be3 e5 7. Nb3 Be6 8. f3
Be7 9. Qd2 h5 10. Nd5 Nxd5 11. exd5 Bf5 12. Be2 Nd7 13. O-O O-O 14. c4 b6 15.
f4 g6 16. fxe5 Nxe5 17. Rxf5 gxf5 18. Nd4 Qc8 19. Rf1 Ng6 20. Nxf5 Bf6 21. Nxd6
Qd8 22. Nf5 h4 23. Nh6+ Kh7 24. Ng4 Bh8 25. Rf5 f6 26. Bd4 Qe8 27. Rh5+ Kg8 28.
Nh6+ Kg7 29. Bd3 Ra7 30. Rg5 Re7 31. Nf5+ 1-0

[Event "BL 1920 SV Mülheim Nord - Aachener SV"]
[Site "?"]
[Date "2021.10.15"]
[Round "12.5"]
[White "Klein, Felix"]
[Black "Buckels, Valentin"]
[Result "0-1"]
[WhiteElo "2309"]
[BlackElo "2457"]
[PlyCount "82"]
[EventDate "2021.??.??"]

1. e4 c6 2. d4 d5 3. Nc3 dxe4 4. Nxe4 Nf6 5. Nxf6+ exf6 6. c3 Bd6 7. Bd3 O-O 8.
Ne2 Re8 9. Qc2 h5 10. O-O h4 11. h3 Nd7 12. Be3 Nf8 13. Rad1 Be6 14. Bf4 Ng6
15. Bxd6 Qxd6 16. Rfe1 Ne7 17. c4 Rad8 18. Nc3 Qf4 19. Qd2 Qxd2 20. Rxd2 Kf8
21. Bf1 Rd7 22. Red1 Red8 23. b4 Nc8 24. b5 Nb6 25. c5 Nd5 26. Ne4 f5 27. Nd6
Nc3 28. Re1 cxb5 29. Re5 a6 30. d5 Nxd5 31. Rexd5 Bxd5 32. Rxd5 b6 33. Rxf5
bxc5 34. Ne4 Rd5 35. Rf3 c4 36. a4 Re5 37. Nc3 b4 38. Na2 Rd1 39. Nxb4 Ree1 40.
Nxa6 Rxf1+ 41. Kh2 Rh1# 0-1

[Event "BL 1920 SV Mülheim Nord - Aachener SV"]
[Site "?"]
[Date "2021.10.15"]
[Round "12.6"]
[White "Hausrath, Daniel"]
[Black "Lemmers, Oscar"]
[Result "1-0"]
[WhiteElo "2482"]
[BlackElo "2356"]
[PlyCount "91"]
[EventDate "2021.??.??"]

1. Nf3 d5 2. g3 c6 3. c4 Bg4 4. Bg2 e6 5. O-O Nf6 6. b3 Nbd7 7. Bb2 Bd6 8. d3
O-O 9. Nbd2 e5 10. h3 Bxf3 11. Bxf3 Re8 12. Qc2 Qe7 13. Bg2 a5 14. cxd5 cxd5
15. Rac1 Nb6 16. Qb1 a4 17. bxa4 Nxa4 18. Ba1 Ra6 19. Rc2 Rea8 20. Nf3 Nb6 21.
Rfc1 Nfd7 22. h4 Ba3 23. Bb2 Bd6 24. Bc3 Ba3 25. Rf1 Bd6 26. Bh3 Nf6 27. Bd2 d4
28. Rb2 Nfd5 29. Ng5 Ba3 30. Rb5 Bc5 31. Ne4 Rxa2 32. Rxc5 Rxd2 33. Rxd5 Nxd5
34. Nxd2 Nc3 35. Qb3 b5 36. Nb1 Nxe2+ 37. Kh2 Qc5 38. Bg2 Rc8 39. Bd5 Rc7 40.
Qa2 Nc1 41. Qa8+ Qf8 42. Qa5 Rc5 43. Qa3 Rc2 44. Rxc1 Qxa3 45. Rxc2 Qa6 46. Ra2
1-0

[Event "BL 1920 SV Mülheim Nord - Aachener SV"]
[Site "?"]
[Date "2021.10.15"]
[Round "12.7"]
[White "Meessen, Rudolf"]
[Black "Dinstuhl, Volkmar"]
[Result "0-1"]
[WhiteElo "2228"]
[BlackElo "2387"]
[PlyCount "96"]
[EventDate "2021.??.??"]

1. d4 d5 2. Nc3 Nf6 3. Bf4 a6 4. e3 e6 5. g4 c5 6. g5 Nfd7 7. a3 Nc6 8. Nf3 b5
9. h4 Bb7 10. h5 Rc8 11. Bh3 Nb6 12. g6 hxg6 13. hxg6 f5 14. Ng5 Qf6 15. Nf7
cxd4 16. exd4 Rg8 17. Qh5 b4 18. O-O bxc3 19. bxc3 Ne7 20. Ne5 Nc4 21. Bg5 Rh8
22. Qxh8 Qxg5+ 23. Kh1 Nxe5 24. dxe5 d4+ 25. f3 Rxc3 26. Rab1 Bxf3+ 27. Rxf3
Rxf3 28. Bg2 Nxg6 29. Qg8 Qh6+ 30. Kg1 Qe3+ 31. Kh1 Qh6+ 32. Kg1 Qe3+ 33. Kh1
Rh3+ 34. Bxh3 Qxh3+ 35. Kg1 Qg3+ 36. Kf1 Qf4+ 37. Kg1 Qxe5 38. Kf1 Qf4+ 39. Kg1
Qe3+ 40. Kf1 Qf3+ 41. Kg1 Ke7 42. Qh7 Qg3+ 43. Kf1 Nh4 44. Rb3 Qg2+ 45. Ke1
Nf3+ 46. Rxf3 Qxf3 47. Qh4+ Kf7 48. Qh5+ Qxh5 0-1

[Event "BL 1920 SV Mülheim Nord - Aachener SV"]
[Site "?"]
[Date "2021.10.15"]
[Round "12.8"]
[White "Baltic, Fatih"]
[Black "Coenen, Norbert"]
[Result "1-0"]
[WhiteElo "2288"]
[BlackElo "2284"]
[PlyCount "83"]
[EventDate "2021.??.??"]

1. Nf3 d5 2. g3 Nf6 3. Bg2 g6 4. O-O Bg7 5. d3 O-O 6. Nbd2 Nc6 7. e4 e5 8. exd5
Nxd5 9. Re1 Re8 10. c3 h6 11. a4 Bf5 12. Ne4 a5 13. Nh4 Bc8 14. Qb3 Nde7 15.
Qc2 b6 16. Be3 Be6 17. Nd2 Qd7 18. Nc4 Bd5 19. Rad1 Rad8 20. Bc1 Bxg2 21. Nxg2
Nf5 22. h4 Nd6 23. Kh2 Qf5 24. Qe2 Nxc4 25. dxc4 Rxd1 26. Rxd1 e4 27. Ne3 Qc5
28. Nd5 Ne5 29. Bxh6 Ng4+ 30. Qxg4 Qxf2+ 31. Kh3 Bxh6 32. h5 Re6 33. hxg6 f5
34. Qh4 Kg7 35. Nf4 Bxf4 36. Rd7+ Kxg6 37. Qh7+ Kg5 38. Qh4+ Kg6 39. Qh7+ Kg5
40. Rg7+ Kf6 41. Rg6+ Ke5 42. Qxc7+ {Kd5} 1-0

[Event "BL 1920 SV Hockenheim - SF Berlin"]
[Site "?"]
[Date "2021.10.15"]
[Round "12.1"]
[White "Piorun, Kacper"]
[Black "Inarkiev, Ernesto"]
[Result "1/2-1/2"]
[WhiteElo "2655"]
[BlackElo "2668"]
[PlyCount "149"]
[EventDate "2021.??.??"]

1. e4 e5 2. Nf3 Nc6 3. Nc3 Nf6 4. d4 exd4 5. Nxd4 Bb4 6. Nxc6 bxc6 7. Bd3 O-O
8. O-O d5 9. exd5 cxd5 10. h3 c6 11. Qf3 Rb8 12. Bf4 Bd6 13. b3 Qc7 14. Ne2 c5
15. Bxd6 Qxd6 16. Rfe1 Re8 17. Ng3 Bd7 18. c3 g6 19. Rxe8+ Rxe8 20. Rd1 Bc6 21.
Bf1 h5 22. b4 Re6 23. b5 Bb7 24. c4 Qe5 25. cxd5 Bxd5 26. Qa3 h4 27. Ne2 Bc4
28. Nd4 cxd4 29. Bxc4 Re7 30. Rxd4 Qxd4 31. Qxe7 Qxc4 32. Qxf6 Qxa2 33. Qd8+
Kg7 34. Qxh4 Qb1+ 35. Kh2 Qxb5 36. Qd4+ Kg8 37. Qxa7 Qe5+ 38. g3 Qe4 39. Qe3
Qd5 40. h4 Qf5 41. f3 Qd5 42. Kg2 Qa2+ 43. Kh3 Qd5 44. g4 Kg7 45. Qc3+ Kg8 46.
Kg2 Qd8 47. Kh3 Qd5 48. Qe3 Kg7 49. Kg3 Kg8 50. Qg5 Qd4 51. Kg2 Qb2+ 52. Kf1
Qb1+ 53. Ke2 Qb2+ 54. Qd2 Qe5+ 55. Kf1 Qf6 56. Qf2 Qe5 57. Kg2 Qd5 58. Qe2 Qd8
59. Kg3 Qd6+ 60. f4 Qd5 61. Qe8+ Kh7 62. Qe3 Kg8 63. Qf3 Qd6 64. Kh3 Qd4 65.
Kh2 Qf6 66. Kg3 Qd4 67. Kh3 Kg7 68. Kg2 Qd2+ 69. Qf2 Qd3 70. Qb2+ Kg8 71. Qe5
Qd1 72. Qe8+ Kg7 73. Qe5+ Kg8 74. Qe8+ Kg7 75. Qe5+ 1/2-1/2

[Event "BL 1920 SV Hockenheim - SF Berlin"]
[Site "?"]
[Date "2021.10.15"]
[Round "12.2"]
[White "Ponomariov, Ruslan"]
[Black "Schroeder, Jan-Christian"]
[Result "1/2-1/2"]
[WhiteElo "2631"]
[BlackElo "2568"]
[PlyCount "77"]
[EventDate "2021.??.??"]

1. e4 e5 2. Nf3 Nc6 3. d4 exd4 4. Nxd4 Nf6 5. Nxc6 bxc6 6. e5 Qe7 7. Qe2 Nd5 8.
h4 Qe6 9. Nd2 Be7 10. g3 O-O 11. Nf3 d6 12. Nd4 Qd7 13. Bh3 Qe8 14. Bxc8 Rxc8
15. Nf5 Kh8 16. c4 Nb6 17. Bg5 Bxg5 18. hxg5 Qxe5 19. Qxe5 dxe5 20. Ke2 Rce8
21. Rh4 Na4 22. b3 Nc5 23. Rah1 h6 24. gxh6 g6 25. Ne3 f5 26. h7 Kg7 27. Nc2
Rh8 28. Nb4 Re6 29. Nd3 Nd7 30. g4 fxg4 31. Rxg4 Rxh7 32. Rxh7+ Kxh7 33. Ke3
Kg7 34. f3 a5 35. Rg2 Re8 36. Rd2 Kf6 37. Rh2 Kg7 38. Rd2 Kf6 39. Rh2 1/2-1/2